LEADER 00827nam0-22003251i-450- 001 990003017630403321 005 20090121144424.0 010 $a88-339-5003-4 035 $a000301763 035 $aFED01000301763 035 $a(Aleph)000301763FED01 035 $a000301763 100 $a20030910d1985----km-y0itay50------ba 101 0 $aita 102 $aIT 200 1 $aBasi di dati$fAntonio Albano, Renzo Orsini 210 $aTorino$cBoringhieri$d1985 215 $a374 p.$d23 cm 225 1 $aSerie di informatica 610 0 $aInformatica 676 $aA/5 702 1$aAlbano,$bAntonio$f<1945- > 702 1$aOrsini,$bRenzo 801 0$aIT$bUNINA$gRICA$2UNIMARC 901 $aBK 912 $a990003017630403321 952 $aA/5 ALB$b2605$fSES 959 $aSES 996 $aBasi di dati$958596 997 $aUNINA